Les compos de Barca 1-2 PSG (25/26) - Statistiques

Statistiques générales
  • Ce quiz a été pris 404 fois
  • Le résultat moyen est 18 sur 22
Statistiques - réponses
Equipe Nationalité Joueur % Correct
Barca Français Jules Koundé
95%
PSG Marocain Achraf Hakimi
94%
Barca Espagnol Lamine Yamal
94%
Barca Espagnol Pedri
92%
Barca Néerlandais Frenkie de Jong
91%
PSG Portugais Vitinha
89%
PSG Français Lucas Chevalier
88%
Barca Anglais Marcus Rashford
88%
PSG Équatorien Willian Pacho
88%
PSG Portugais Nuno Mendes
87%
PSG Français Bradley Barcola
85%
PSG Espagnol Fabian Ruiz
85%
Barca Espagnol Pau Cubarsi
84%
Barca Espagnol Ferran Torres
82%
PSG Français Senny Mayulu
80%
PSG Ukrainien Ilya Zabarnyi
74%
PSG Français Warren Zaïre-Emery
73%
Barca Espagnol Eric Garcia
69%
PSG Français Ibrahim Mbaye
69%
Barca Espagnol Gerard Martin
67%
Barca Espagnol Dani Olmo
66%
Barca Polonais Wojciech Szczesny
58%
Aucun quiz correspondant
Distribution des résultats
% des personnes avec chaque résultat
Percentile par nombre de réponses
Votre historique - résultats
Vous n’avez pas pris ce quiz